000
00272nam a2200109Ia 4500
008
240625s9999 xx 000 0 und d
041
_a
eng
082
_a
632.632283 RAJ
100
_a
RAJWADE A V
245
_a
HANDBOOK OF DEBT SECURITIES AND INTEREST RATE D
260
_c
2014
999
_c
35139
_d
35139